| 000 | 01425nam a2200313 c 4500 | ||
|---|---|---|---|
| 003 | BLK | ||
| 005 | 20180422115215.0 | ||
| 008 | 180411b bul|||||r ||||||| ||bul|| | ||
| 010 | _aKNG00191083000 | ||
| 040 | _aBLK | ||
| 041 |
_aBUL _cBUL |
||
| 080 |
_a _b634.1/.7 _x(035) _z634.1/.7(035) |
||
| 080 |
_aДекоративни растения. Декоративно градинарство _b635.9 _x(035) _z635.9(035) |
||
| 700 | 1 |
_aНиков, Митко Маринов _eсъстав. _9369541 |
|
| 139 |
_aДворна градина _bД 29 |
||
| 245 | 1 | 0 |
_aДворна градина _bРъководство _cсъстав. Митко Маринов Ников. |
| 257 | _aBGR | ||
| 260 |
_аСофия _bЗемиздат _c1981 _fХасково : Ат. Стратиев |
||
| 300 |
_a311 с. _bс ил. _c21 см |
||
| 380 | _a63 | ||
| 500 | _aДруги авт.: М. Алипиева, В. Ангелиев, Л. Христов ; Пълното име на авт. Минка Алипиева е Минка Алипиева Стойкова. - 30 120 тир. | ||
| 650 | 4 |
_aОвощарство - наръчници и ръководства _9242002 |
|
| 650 | 4 |
_aЗеленчукопроизводство - наръчници и ръководства _9243259 |
|
| 852 | _aЦб 112086 | ||
| 856 | 4 |
_qpdf _u |
|
| 856 | 4 |
_qpdf _u |
|
| 942 |
_cKNG _n0 |
||
| 944 |
_aCR _c29.09.2016 _kНора_Радева |
||
| 944 |
_aED _c29.09.2016 _kНора_Радева |
||
| 999 |
_c182160 _d182160 |
||